000
00292nam a22001337a 4500
008
180911b xxu||||| |||| 00| 0 eng d
020
_a
9781882982578
041
_a
eng
080
_a
004
100
_a
30
101
_a
SHK
245
_a
Departments That Work
_c
Wergn.J.F
942
_2
udc
_c
BK
999
_c
47649
_d
47649